MARC

LEADER 00000nam0a2200000 4500
001 224576
005 20231101230611.0
010 |a 5020104566 
035 |a (RuTPU)RU\TPU\book\244889 
090 |a 224576 
100 |a 20121027d1990 m y0rusy50 ca 
101 0 |a rus 
102 |a RU 
105 |a y z 001zy 
200 1 |a Стратегия хозяйственного поведения корпораций США (на материалах машиностроения)  |f М. В. Степанов  |g Академия наук СССР (АН СССР), Институт мировой экономики и международных отношений (ИМЭМО) ; под ред. В. А. Назаревского 
210 |a Москва  |c Наука  |d 1990 
215 |a 143 с. 
320 |a Библиография в примечаниях. 
606 1 |a Промышленные корпорации  |x Стратегическое планирование  |y США  |2 stltpush  |3 (RuTPU)RU\TPU\subj\52520  |9 70932 
610 1 |a экономика 
610 1 |a промышленность 
610 1 |a машиностроение 
610 1 |a Америка 
610 1 |a хозяйственный механизм 
610 1 |a организация производства 
610 1 |a управление 
610 1 |a научные разработки 
686 |a У9(7США)30  |v LBC/SL-A  |2 rubbk 
700 1 |a Степанов  |b М. В.  |g Михаил Викторович 
702 1 |a Назаревский  |b В. А.  |4 340 
712 0 2 |a Академия наук СССР (АН СССР)  |b Институт мировой экономики и международных отношений (ИМЭМО)  |c (Москва)  |2 stltpush  |3 (RuTPU)RU\TPU\col\11484 
801 1 |a RU  |b 63413507  |c 20121027 
801 2 |a RU  |b 63413507  |c 20130930  |g RCR 
942 |c BK